الشخصية العربية : (رقم التسجيلة. 178416)

تفاصيل مارك
000 -LEADER
fixed length control field 01280namaa22003371i 4500
003 - CONTROL NUMBER IDENTIFIER
control field EG-GICUC
005 - DATE AND TIME OF LATEST TRANSACTION
control field 20260212124423.0
008 - FIXED-LENGTH DATA ELEMENTS--GENERAL INFORMATION
fixed length control field 260212s1993 ua ||||jr|||| 000 0 ara d
017 ## - COPYRIGHT OR LEGAL DEPOSIT NUMBER
Copyright or legal deposit number 92 / 10388
Assigning agency دار الكتب والوثائق القومية (مصر)
040 ## - CATALOGING SOURCE
Original cataloging agency EG-GiCUC
Language of cataloging ara
Transcribing agency EG-GiCUC
Modifying agency EG-GiCUC
Description conventions rda
043 ## - GEOGRAPHIC AREA CODE
Geographic area code f-ua---
082 04 - DEWEY DECIMAL CLASSIFICATION NUMBER
Edition number 21
Classification number 953
Item number Y29s
092 04 - LOCALLY ASSIGNED DEWEY CALL NUMBER (OCLC)
Edition number 21
Classification number 953
Item number Y29s
099 ## - LOCAL FREE-TEXT CALL NUMBER (OCLC)
Classification number 953 Y29s
100 1# - MAIN ENTRY--PERSONAL NAME
Personal name يسين، السيد
Relator term مؤلف.
245 12 - TITLE STATEMENT
Title الشخصية العربية :
Remainder of title بين صورة الذات ومفهوم الآخر /
Statement of responsibility, etc. السيد يسين
250 ## - EDITION STATEMENT
Edition statement الطبعة الاولى
264 ## - PRODUCTION, PUBLICATION, DISTRIBUTION, MANUFACTURE, AND COPYRIGHT NOTICE
Place of production, publication, distribution, manufacture القاهرة (مصر) :
Name of producer, publisher, distributor, manufacturer مكتبة مدبولى،
Date of production, publication, distribution, manufacture, or copyright notice 1993.
300 ## - PHYSICAL DESCRIPTION
Extent 391 صفحة ؛
Dimensions 21 سم
Other physical details إيضاحيات، صور، مثيليات ؛ Illustrations
336 ## - CONTENT TYPE
Source rdacontent
Content type term text
337 ## - MEDIA TYPE
Source rdamedia
Media type term Unmediated
338 ## - CARRIER TYPE
Source rdacarrier
Carrier type term volume
500 ## - GENERAL NOTE
General note متعدد الاصدارات
504 ## - BIBLIOGRAPHY, ETC. NOTE
Bibliography, etc. note 337-391ببليوجرافيا: صفحات.
541 ## - IMMEDIATE SOURCE OF ACQUISITION NOTE
Source of acquisition د. جابر عصفور ؛
Address القاهرة ؛
Method of acquisition إهداء ؛
Date of acquisition 2024.
650 17 - SUBJECT ADDED ENTRY--TOPICAL TERM
Topical term or geographic name entry element القومية العربية
Source of heading or term qrmak
650 17 - SUBJECT ADDED ENTRY--TOPICAL TERM
Topical term or geographic name entry element الحضارة العربية
Source of heading or term qrmak
651 1# - SUBJECT ADDED ENTRY--GEOGRAPHIC NAME
Source of heading or term qrmak
905 ## - Cataloger and Reviser Names
Cataloger Name Nermeen_El Mawardy
942 ## - ADDED ENTRY ELEMENTS (KOHA)
Source of classification or shelving scheme Dewey Decimal Classification
Koha item type Books
Edition 21
Suppress in OPAC No
المقتنيات
Withdrawn status Lost status Source of classification or shelving scheme Damaged status Not for loan Home library Current library Date acquired Inventory number Total checkouts Full call number Barcode Date last seen Price effective from Koha item type
    Dewey Decimal Classification   Not for loan المكتبة المركزبة الجديدة - جامعة القاهرة قاعة المكتبات المهداة - الدور الرابع 12.02.2026 174585   953 Y29s J.U. 01000100174585000 12.02.2026 12.02.2026 Books
Cairo University Libraries Portal Implemented & Customized by: Eng. M. Mohamady Contacts: new-lib@cl.cu.edu.eg | cnul@cl.cu.edu.eg
CUCL logo CNUL logo
© All rights reserved — Cairo University Libraries
CUCL logo
Implemented & Customized by: Eng. M. Mohamady Contact: new-lib@cl.cu.edu.eg © All rights reserved — New Central Library
CNUL logo
Implemented & Customized by: Eng. M. Mohamady Contact: cnul@cl.cu.edu.eg © All rights reserved — Cairo National University Library